LEADER 01243nam a2200289 i 4500 001 000000254974 003 CaOOAMICUS 005 20221130145503.0 008 170712s2014 it u000 u ita u 040 $aSeMil$bita 100 1 $aBorges, Jorge Luis,$d<1899-1986>.$0(OLS)http://semarc/name/6250 240 13$aEl otro, el mismo.$0(OLS)http://semarc/title/442203 245 12$aL'altro, lo stesso /$cJorge Luis Borges ; prefazione di José Maria Poirier. 264 1$aRoma :$bLa Civiltà Cattolica,$c2014. 264 1$aMilano :$bCorriere della Sera,$c2014. 300 $aXV, 281 p. ;$c20 cm. 490 0 $aLa biblioteca di Papa Francesco ;$v4 546 $aTesto originale a fronte. 700 1 $aPoirier, José Maria.$0(OLS)http://semarc/name/94391 830 3$aLa biblioteca di Papa Francesco ;$v4.$0(OLS)http://semarc/title/40652 850 $aSeMil 852 $aSeMil$W1$xVenegono$y1$m1Q I 4$j237252$B205320$CSeMilBibl$Z2$F218953 $81 961 $aOmaggio: Altro 996 $6245$aL'altro, lo stesso$9(OLS)http://semarc/title/411334 996 $6264$aMilano :$bCorriere della Sera$9(OLS)http://semarc/publisher/33390 996 $6264$aRoma :$bLa Civiltà Cattolica$9(OLS)http://semarc/publisher/29890 LEADER 01132nam a2200253 i 4500 001 000000127571 003 CaOOAMICUS 005 20070522000000.0 008 070522s1994 it u000 u ita u 013 $a100282 040 $aSeMil$bita 245 10$aLettere a Vittorio Tavernari /$cA cura di Carla Tavernari, Luigi Piatti. 260 $a[Italia] :$bNicolini,$c(Stampa 1994) 300 $a293 p. :$briccamente ill. ;$c24 cm. 500 $aContiene : Appendice. - Bibliografia essenziale. - In preliminari : Dedica autografa al Card. Carlo Maria Martini. - Fondo card. Martini. 650 4$aTavernari, Vittorio - Lettere e carteggi - 1946-1986.$0(OLS)http://semarc/subject/25073 700 1 $aPiatti, Luigi.$0(OLS)http://semarc/name/45037 700 1 $aTavernari, Carla.$0(OLS)http://semarc/name/53065 850 $aSeMil 852 $aSeMil$W1$xVenegono$y1$m5X VI 14$j81853$B81853$CSeMilBibl$Z2$F124438 $81 941 1 $a4 961 $aOmaggio: Martini Card. Carlo Maria 996 $6245$aLettere a Vittorio Tavernari$9(OLS)http://semarc/title/188284 996 $6260$a[Italia] :$bNicolini$9(OLS)http://semarc/publisher/34994